01186nam a22003497a 4500003000400000005001700004007000400021008004100025010003700066024002000103035001900123035002000142040001300162082001500175245005700190260004500247300006100292440002700353500013600380538006200516538008200578650002000660700002100680700002000701700001100721700001700732700001800749700001800767700001700785700001700802700001700819dpl20080917121539.0DVD080917t xxu||||| |||| 00| 0 eng d aDVD-000689-691 & DVD-004613-4618 2DHU0012c299.00 aDVD-000689-691 aDVD-004613-4618 aDPLcDPL aDVD / GOAL aGoalcUTV Home Entertainmenth[Videorecording] DVD / aMumbaibUTV Software Communicationc2007 a1 Videodisc; DVD; (158 mins)bsd., col.;c4 3/4 in.fDVD aUTV Home Entertainment aDhan Dhana Dhan Goal is a contemporary story of the Asian Community in UK, told through the dynamic prism of professional football. aLanuage, Hindi; Subtitle, English, Arabic, Tamil & Telugu aAnamorphic widescreen 16x9; Dolby digital 5.1, Regions, Sports Action Drama,  a Motion picture aAgnihotri, Vivek aScrewala, Ronne aPritam aMehta,Zarima aAkhtar, Javed aAbraham, John aBasu, Bipasa aWarsi, Arsad aIrani, Boman